00497nam a2200133Ia 4500008004100000245014800041260003500189260000900224300001000233500001300243650001600256999001900272952007200291170224s9999 xx 000 0 und d aBrooding rumination and heart rate variability in women at high and low risk for depression: Group differences and moderation by COMT genotype. bJournal of Abnormal Psychology c2014 a123:1 aFebruary xPsychology. c316399d316399 001040aCLbCLd2017-02-24l0r2017-02-24 00:00:00w2017-02-24ySE